000 00534nam a2200205Ia 4500
005 20250923144650.0
008 008 250917s9999 xx 000 0 eng d
037 _aTextual
040 _aDSWL
_beng
_cDSWL
041 _aeng
_2eng
084 _aY172
_qDSWL
100 _aGhurye, G.S.
_9827145
245 4 _aThe secheduled tribes
_cby G.S. Ghurye
260 _aBombay
_bBombay
_c1959
300 _axii,287p.
365 _aINR
_b18.75
925 _g18.75
942 _cTEXL
_hY172
999 _c1441790
_d1441790